verbes irréguliers en anglais - Statistiques

Statistiques générales
  • Ce quiz a été pris 141 fois
  • Le résultat moyen est 48 sur 129
Statistiques - réponses
Hint Réponse % Correct
couper cut, cut, cut
96%
boire drink, drank, drunk
79%
mettre put, put, put
76%
lire read, read, read
75%
chanter sing, sang, sung
75%
parier bet, bet, bet
70%
construire build, built, built
68%
dormir sleep, slept, slept
67%
nager swim, swam, swum
67%
commencer begin, began, begun
66%
être be, was/were, been
66%
manger eat, ate, eaten
66%
envoyer send, sent, sent
64%
choisir choose, chose, chosen
63%
conduire drive, drove, driven
63%
frapper hit, hit, hit
63%
couter cost, cost, cost
62%
donner give, gave, given
62%
voir see, saw, seen
62%
ecrire write, wrote, written
62%
faire do, did, done
61%
aller go, went, gone
61%
acheter buy, bought, bought
58%
apprendre learn, learnt, learnt
57%
dire say, said, said
57%
laisser let, let let
55%
sonner ring, rang, rung
55%
courir run, ran, run
55%
parler speak, spoke, spoken
55%
bruler burn, burnt, burnt
54%
attraper catch, caught, caught
54%
venir come, came, come
54%
payer pay, paid, paid
54%
devenir become, became, become
53%
casser break, broke, broken
53%
quitter leave, left, left
53%
rever dream, dreamt, dreamt
51%
recontrer meet, met, met
51%
trouver find, found, found
50%
penser think, thought, thought
50%
geler freeze, froze, frozen
49%
se battre fight, fought, fought
47%
avoir have, had, had
47%
faire mal hurt, hurt, hurt
47%
prendre take, took, taken
47%
gagner win, won, won
47%
mordre bite, bit, bitten
46%
oublier forget, forgot, forgotten
46%
signifier mean, meant, meant
46%
dépenser/passer du temps spend, spent, spent
46%
enseigner teach, taught, taught
46%
pardonner forgive, forgave, forgiven
45%
garder keep, kept, kept
45%
fabriquer make, made, made
45%
apporter bring, brought, brought
43%
tomber fall, fell, fallen
43%
voler (avion) fly, flew, flown
43%
faire du cheval ride, rode, ridden
43%
fermer shut, shut, shut
43%
nourrir feed, fed, fed
42%
sentir feel, felt, felt
42%
cacher hide, hid, hidden
41%
battre beat, beat, beaten
39%
grandir grow, grew, grown
39%
entendre hear, heard, heard
39%
vendre sell, sold, sol
39%
sentir smell, smelt, smelt
39%
saigner bleed, bled, bled
38%
obtenir get, got, got
37%
perdre lose, lost, lost
36%
être assis sit, sat, sat
36%
épeler spell, spelt, spelt
36%
voler steal, stole, stolen
34%
souffler blow, blew, blown
33%
dire, raconter tell, told, told
32%
naitre born
30%
briller shine, shone, shone
29%
interdire forbid, forbade, forbidden
28%
mener lead, led, led
28%
se courber bend, bent, bent
26%
éclater burst, burst, burst
26%
preter lend, lent, lent
25%
tirer shoot, shot, shot
25%
jeter throw, threw, thrown
25%
creuser dig, dug, dug
24%
secouer shake, shook, shaken
24%
étaler spread, spread, spread
24%
être debout stand, stood, stood
24%
s'éveiller wake, woke, woken
24%
tenir hold, held, held
21%
gacher spoil, spoilt, spoilt
21%
jurer swear, swore, sworn
20%
dessiner draw, drew, drown
18%
s'elever rise, rose, risen
18%
coller stick, stuck, stuck
18%
porter wear, wore, worn
18%
supporter bear, bore, borne
17%
distribuer deal, dealt, dealt
17%
surmonter overcome, overcame, overcome
17%
ramper creep, crept, crept
16%
déchirer tear, tore, torn
16%
suspendre hang, hung, hung
14%
s'agenouiller kneel, knelt, knelt
14%
couler sink, sank sunk
14%
jaillir/bondir spring, sprang, sprung
14%
poser lay, laid, laid
13%
regler set, set, set
13%
montrer show, showed, shown
13%
pleurer weep, wept, wept
13%
eclairer light, lit, lit
12%
retrecir shrink, shrank, shrunk
12%
fendre/couper en 2 split, split, split
12%
bouleverser upset, upset, upset
12%
se balancer swing, swung, swung
11%
s'enfuir flee, fled, fled
9%
se pencher lean, leant, leant
8%
chercher seek, sought, sought
8%
glisser slide, slid, slid
8%
cracher spit, spat, spat
8%
piquer sting, stung, stung
8%
sauter leap, leapt, leapt
7%
elever breed, bred, bred
5%
renverser spill, spilt, spilt
5%
balayer sweep, swept, swpet
5%
lier, relier bind, bound, bound
4%
coudre sew, sewed, sewn
3%
comprendre understand, understood, undestood
3%
savoir know, knew, knonw
1%
frapper strike, strucke, strucke
0%
Aucun quiz correspondant
Distribution des résultats
% des personnes avec chaque résultat
Percentile par nombre de réponses
Votre historique - résultats
Vous n’avez pas pris ce quiz